| 000 | 00567nam a2200193Ia 4500 | ||
|---|---|---|---|
| 005 | 20250508164826.0 | ||
| 008 | 008 250505s9999 xx 000 0 hin d | ||
| 037 | _aDissertations | ||
| 040 |
_aFEDL _beng _cFEDL |
||
| 041 |
_ahin _2eng |
||
| 084 |
_a370, SUS/DI _qFEDL |
||
| 100 | _aSushil Kumar | ||
| 245 | 0 | _aAntaha seva shikshak shiksha : Anugamnatamak kariyakaram ki samsayon ka adhyyan | |
| 260 | _c2003 | ||
| 300 | _a155p. | ||
| 546 | _aM.Phil Dissertation, (Delhi University) | ||
| 942 |
_cDIS _h370, SUS/DI |
||
| 999 |
_c1391430 _d1391430 |
||